[Event "BL2 Ost 0708 (Women)"]
[Site "Germany"]
[Date "2007.12.02"]
[Round "4.6"]
[White "Steiner, Susanne"]
[Black "Sorokodumov, Nadja"]
[Result "1-0"]
[WhiteElo "1698"]
[BlackElo "1032"]
[PlyCount "101"]
[EventDate "2007.11.10"]
[EventType "team-tourn"]
[EventRounds "7"]
[EventCountry "GER"]
[SourceTitle "CBM 121 Extra"]
[Source "ChessBase"]
[SourceDate "2008.01.10"]
[SourceVersion "1"]
[SourceVersionDate "2008.01.10"]
[SourceQuality "1"]
[WhiteTeam "Braunschweig (W)"]
[BlackTeam "Guben (W)"]
[WhiteTeamCountry "GER"]
[BlackTeamCountry "GER"]

1. d4 d6 2. e4 Nf6 3. Bd3 e5 4. c3 Be7 5. Nf3 Bg4 6. Nbd2 Nc6 7. d5 Nb8 8. 0-0 c6 9. Qb3 Qb6 10. Qxb6 axb6 11. c4 Nbd7 12. b4 0-0 13. Bb2 cxd5 14. cxd5 Bxf3 15. Nxf3 Rac8 16. Rac1 Rxc1 17. Rxc1 Nh5 18. Rc7 Rd8 19. Rxb7 Nhf6 20. Rc7 Rb8 21. Bb5 Bd8 22. Rxd7 Nxd7 23. Bxd7 Rb7 24. Bc6 Ra7 25. a4 f6 26. Nd2 Rf7 27. Nc4 Bc7 28. Bc1 Rf8 29. Be3 Rb8 30. Na3 g6 31. Nb5 Rc8 32. Nxc7 Rxc7 33. Bxb6 Rc8 34. Ba7 Rc7 35. Bb8 Rc8 36. Bxd6 Kf7 37. b5 Rd8 38. Bc7 Rg8 39. b6 g5 40. d6 Kg6 41. b7 f5 42. b8Q Rxb8 43. Bxb8 Kf7 44. exf5 h5 45. Bc7 Kf6 46. d7 Kxf5 47. d8Q g4 48. Qd5 Kg6 49. Qe6+ Kg5 50. Bd8+ Kf4 51. g3# 1-0